NFL Cleveland Browns: Guess The Player - Statistics

General Stats
  • This quiz has been taken 191 times
  • The average score is 7 of 12
Answer Stats
Picture Answer % Correct
Myles Garrett
100%
Denzel Ward
93%
Johnny Manziel
75%
Josh Gordon
68%
Greg Newsome II
67%
Bernie Kosar
62%
Joe Haden
60%
Jedrick Wills Jr.
53%
Christian Kirksey
31%
Demario Davis
17%
Jordan Poyer
12%
Troy Hill
11%
No matching quizzes found
Score Distribution
Percent of People with Each Score
Percentile by Number Answered
Your Score History
You have not taken this quiz